000 00656nam a2200229Ia 4500
003 OSt
005 20230623113559.0
008 210423s2002 xx 000 0 und d
020 _a0-7914-5326-X
040 _cAL
041 _aeng
082 _a294.52113 GOLL
100 _aGOLDBERG (Ellen)
_9106746
245 _aLord who is half woman: ardhanarisvara in Indian and feminist perspectives
260 _aNew York
_bState University of New York Press
_c2002
300 _axiv,193
_bPB
365 _b999
_cINR
650 _aReligion
_9106747
650 _aReligions of Indic Origin
_9106748
906 _ahalf ; Lord ; who ; woman
942 _2ddc
_cBK
999 _c167597
_d167597